000 00251nam a2200097Ia 4500
001 1224734
005 20250827092932.0
008 250824s9999 xx 000 0 und d
245 0 _aKÜÇÜK PRENS
_cANTOINE DE SAINT-EXUPERY
260 _bPANAMA YAYINLARI
999 _c1224734
_d1224734